Value-added management with design of experiments

Uloženo v:
Podrobná bibliografie
Hlavní autor: Condra, Lloyd W (Autor)
Médium: Kniha
Jazyk:angličtina
Vydáno: Washington, D.C Chapman & Hall 1995
Vydání:1a. ed
Témata:
Tagy: Přidat tag
Žádné tagy, Buďte první, kdo vytvoří štítek k tomuto záznamu!

MARC

LEADER 00000cam a2200000 a 4500
001 UCE9522
003 CL-VaPUC
008 151022e19950000us |||||||||||||||||eng|d
020 |a 041257070X 
082 0 4 |a 658.4  |b CON  |2 21 
100 0 |a Condra, Lloyd W  |e author  |9 582378 
245 1 0 |a Value-added management with design of experiments 
250 |a 1a. ed 
300 |a 219 p 
942 |c BK 
945 |d 20151022 17:18:00  |a gsalatino 
260 |a Washington, D.C  |b Chapman & Hall  |c 1995 
650 0 |a Administración de empresas   |9 260833 
650 0 |a Planificación estratégica   |9 259735 
650 0 |a Toma de decisiones   |9 257530 
583 |a last modification  |c 20151027 03:24:27  |k Rodrigo Vera 
999 |c 361186  |d 361184 
952 |0 0  |1 0  |3 erd  |4 0  |6 658_400000000000000_CON_1995  |7 0  |8 A  |9 471550  |a BIBGIM  |b BIBGIM  |i 5207134  |o 658.4 CON 1995  |p 5207134  |r 2025-01-15  |w 2019-11-24  |y BK  |z Catalogado en:20151022  |k EST